[Event "Sardinia World Open A"]
[Site "Orosei ITA"]
[Date "2025.05.03"]
[Round "9.11"]
[White "Kalosha, Zhiulien Oleksii"]
[Black "Panjwani, Raja"]
[Result "1/2-1/2"]
[WhiteTitle "FM"]
[BlackTitle "IM"]
[WhiteElo "2315"]
[BlackElo "2443"]
[WhiteFideId "14183706"]
[BlackFideId "2604493"]
[EventDate "2025.04.27"]

1. e4 c5 2. Nf3 Nc6 3. d4 cxd4 4. Nxd4 e5 5. Nb5 d6 6. c4 g6 7. N1c3 a6 8. Na3
Be6 9. Nc2 Bg7 10. Be3 Rc8 11. Qd2 f5 12. f3 Nf6 13. O-O-O O-O 14. Qxd6 Qe8 15.
Be2 fxe4 16. fxe4 Rf7 17. Kb1 Bf8 18. Qd2 Nb4 19. Rhf1 Bxc4 20. Nxb4 Bxb4 21.
Bxc4 Rxc4 22. Qd3 b5 23. Nd5 Be7 24. Nxe7+ Qxe7 25. Bh6 Rc8 26. Rf3 Ng4 27. Rxf7
Qxf7 28. Qh3 Qe6 29. a3 Re8 30. Bg5 Nf2 31. Qxe6+ Rxe6 32. Rd8+ Kf7 33. Rd7+ Ke8
34. Rd8+ Kf7 35. Rd7+ Ke8 36. Rd8+ Kf7 37. Rd7+ 1/2-1/2

[Event "Sardinia World Open A"]
[Site "Orosei ITA"]
[Date "2025.05.03"]
[Round "9.12"]
[White "Fataliyeva, Ulviyya"]
[Black "Adharsh K"]
[Result "1/2-1/2"]
[WhiteTitle "IM"]
[BlackTitle "FM"]
[WhiteElo "2387"]
[BlackElo "2317"]
[WhiteFideId "13403052"]
[BlackFideId "25718207"]
[EventDate "2025.04.27"]

1. d4 Nf6 2. c4 e6 3. Nf3 d5 4. g3 dxc4 5. Bg2 Bb4+ 6. Bd2 Be7 7. Qa4+ Bd7 8.
Qxc4 Bc6 9. O-O O-O 10. Nc3 Ne4 11. Rfd1 Nd7 12. Qd3 Ndf6 13. Nb1 Bd5 14. Ne5 c5
15. Nc3 Nxc3 16. Bxc3 Bxg2 17. Kxg2 Qd5+ 18. f3 cxd4 19. Bxd4 Rfd8 20. e4 Qa5
21. Bc3 Qb6 22. Qe2 h5 23. Rxd8+ Rxd8 24. Rd1 Rxd1 25. Qxd1 Qc7 26. Qd4 b5 27.
Nd3 a6 28. a4 Qd7 29. axb5 axb5 30. Qe3 Qc7 31. Qg5 Qc4 32. Qd2 h4 33. Ne5 Qc7
34. g4 b4 35. Bd4 Nd7 36. Nxd7 Qxd7 37. Be3 Qb5 38. b3 Kh7 39. Qc2 g6 40. Bd4 e5
41. Bf2 h3+ 42. Kg1 Qa5 43. Kf1 Bg5 44. Be1 Kg7 45. Bg3 Qa1+ 46. Ke2 Qd4 47. Bf2
Qa1 48. Bg3 Qa6+ 49. Ke1 Qa1+ 50. Ke2 1/2-1/2

[Event "Sardinia World Open A"]
[Site "Orosei ITA"]
[Date "2025.05.03"]
[Round "9.13"]
[White "Rosh, Jain"]
[Black "Ibrayev, Nurlan"]
[Result "0-1"]
[WhiteTitle "FM"]
[BlackTitle "GM"]
[WhiteElo "2150"]
[BlackElo "2367"]
[WhiteFideId "25789465"]
[BlackFideId "13700650"]
[EventDate "2025.04.27"]

1. e4 e5 2. Nf3 Nc6 3. Bb5 a6 4. Ba4 d6 5. O-O Bd7 6. c3 g6 7. d4 Bg7 8. h3 Nge7
9. dxe5 dxe5 10. Be3 b6 11. b4 O-O 12. Bb3 Qe8 13. a4 Kh8 14. a5 bxa5 15. bxa5
f5 16. Bc5 Rf6 17. Nbd2 Nc8 18. Nc4 Be6 19. Ne3 Bxb3 20. Qxb3 Rb8 21. Qc4 Rb5
22. Bb4 Nxb4 23. cxb4 Nd6 24. Qxc7 Rb7 25. Qc2 Nxe4 26. Rac1 Rf8 27. Nd5 Nf6 28.
Nb6 e4 29. Nd2 e3 30. fxe3 Qxe3+ 31. Kh1 Bh6 32. Rcd1 Re7 33. Ndc4 Qg5 34. Qb2
Bg7 35. Qd2 Qh5 36. Nd6 Re2 37. Qd3 Rb2 38. Rd2 Rxb4 39. Qxa6 Qg5 40. Qd3 Nh5
41. Re1 Ng3+ 42. Kh2 Ne4 43. Nxe4 fxe4 44. Qe3 Be5+ 45. g3 Bxg3+ 46. Qxg3 Qxd2+
47. Kh1 Qd4 48. Qg4 Qf2 49. Qe2 Qg3 50. Qd2 Qxh3+ 51. Kg1 Qg3+ 52. Kh1 Qh4+ 53.
Kg1 e3 0-1

[Event "Sardinia World Open A"]
[Site "Orosei ITA"]
[Date "2025.05.03"]
[Round "9.14"]
[White "Martinovici, Ilia"]
[Black "Zakin, Ilay"]
[Result "1-0"]
[WhiteTitle "IM"]
[BlackTitle "FM"]
[WhiteElo "2459"]
[BlackElo "2254"]
[WhiteFideId "13907034"]
[BlackFideId "2848279"]
[EventDate "2025.04.27"]

1. c3 Nf6 2. d4 g6 3. Bg5 Bg7 4. Nd2 d6 5. e4 h6 6. Bh4 O-O 7. Bd3 c5 8. Ne2 Nc6
9. d5 Ne5 10. Bc2 e6 11. dxe6 fxe6 12. O-O g5 13. Bg3 Nh5 14. Bxe5 Bxe5 15. Nc4
Qf6 16. Ng3 Nf4 17. Nh5 Nxh5 18. Qxh5 b6 19. Ne3 Kg7 20. Ng4 Qg6 21. Qxg6+ Kxg6
22. Nxe5+ dxe5 23. Rfd1 Kf6 24. Rd6 Ke7 25. Rad1 Rb8 26. a4 Rb7 27. Bb3 Rc7 28.
Bc4 Bd7 29. f3 Rf6 30. b3 g4 31. fxg4 Rf4 32. h3 Rxe4 33. Kf2 Rf4+ 34. Ke3 Rf6
35. Ke4 Rf2 36. R6d2 Bc6+ 37. Kxe5 Rxg2 38. Rxg2 Bxg2 39. Bxe6 c4 40. b4 a5 41.
h4 axb4 42. cxb4 c3 43. g5 hxg5 44. hxg5 Bf3 45. Rc1 c2 46. g6 Rc6 47. Bf5 Bd1
48. Be4 Rc7 49. Bd5 Kf8 50. Kf6 Rg7 51. Bf7 b5 52. a5 Be2 53. Rh1 Rg8 54. Rh8 1-0

[Event "Sardinia World Open A"]
[Site "Orosei ITA"]
[Date "2025.05.03"]
[Round "9.15"]
[White "Knaak, Rainer"]
[Black "Solomon, Kenny"]
[Result "1/2-1/2"]
[WhiteTitle "GM"]
[BlackTitle "GM"]
[WhiteElo "2472"]
[BlackElo "2272"]
[WhiteFideId "4611250"]
[BlackFideId "14300192"]
[EventDate "2025.04.27"]

1. d4 Nf6 2. c4 e6 3. Nc3 Bb4 4. e3 O-O 5. Bd3 d5 6. Nf3 b6 7. O-O c5 8. a3 Bxc3
9. bxc3 Ba6 10. cxd5 Bxd3 11. Qxd3 Qxd5 12. Nd2 Nc6 13. Bb2 Rfd8 14. Rfd1 Rac8
15. Qe2 cxd4 16. cxd4 h6 17. f3 Na5 18. e4 Qg5 19. Rac1 Nh5 20. Kh1 Nf4 21. Qf1
Rxc1 22. Rxc1 e5 23. g3 Ne6 24. f4 exf4 25. Nf3 Qg6 26. Re1 fxg3 27. Qg2 Nc4 28.
Bc3 Rc8 29. a4 Nf4 30. Qxg3 Qxg3 31. hxg3 Nd3 32. Re2 Nd6 33. Be1 Rc1 34. Kg2 f6
35. Bd2 Rc2 36. Kf1 Rc4 37. a5 b5 38. Re3 Nb4 39. Rb3 Nc6 40. e5 fxe5 41. dxe5
Ne4 42. Be1 a6 43. Rd3 b4 44. e6 Kf8 45. Rd7 Nc5 46. Rd6 Ne4 47. Rd7 g5 48. Rb7
Nc5 49. Rb6 Nxe6 50. Rxa6 Nc7 51. Rb6 Nd5 52. Rb7 Rc1 53. Rb5 Nc7 54. Rb6 Nd5
55. Rb5 Nde7 56. a6 Ra1 57. Rb6 Ke8 58. Nd2 Kd7 59. Nb3 Ra3 60. Nc5+ Kc7 61. Rb5
Ra1 62. Rb7+ Kd6 63. Nd3 Nd5 64. a7 b3 65. Rxb3 Rxa7 66. Bf2 Ra1+ 67. Kg2 Ra2
68. Rb2 Rxb2 69. Nxb2 Ne5 70. Bd4 g4 71. Nd1 Nf3 72. Bg7 h5 73. Bh6 Ke5 74. Kf2
Ke4 75. Ke2 Nd4+ 76. Kf2 Nf5 77. Bg5 Kd4 78. Nb2 Nb4 79. Bf6+ Ke4 80. Bc3 Nd3+
81. Nxd3 Kxd3 82. Be5 Ne3 83. Bf4 Nc4 84. Bb8 Nd2 85. Bf4 Ne4+ 86. Ke1 Nc5 87.
Kf2 Ke4 88. Bb8 Nd7 89. Bc7 Nf8 90. Bb8 Ne6 91. Ke2 Nd4+ 92. Kf2 Kd3 93. Bf4 Nb5
94. Bh6 Ke4 95. Bc1 Nc3 96. Bd2 Nd1+ 97. Ke2 Nb2 98. Bh6 Nd3 99. Bg5 Ne5 100.
Bh6 Nf7 101. Bc1 Nd6 102. Kf2 Kd3 103. Bf4 Ne4+ 104. Ke1 Kc2 105. Ke2 Nc3+ 106.
Ke1 Kd3 107. Kf2 Ne4+ 1/2-1/2

[Event "Sardinia World Open A"]
[Site "Orosei ITA"]
[Date "2025.05.03"]
[Round "9.16"]
[White "Grot, Blazej"]
[Black "Vagman, Roy"]
[Result "0-1"]
[WhiteTitle "CM"]
[BlackTitle "FM"]
[WhiteElo "2206"]
[BlackElo "2437"]
[WhiteFideId "21835845"]
[BlackFideId "2828995"]
[EventDate "2025.04.27"]

1. e4 c5 2. Nf3 Nc6 3. d4 cxd4 4. Nxd4 Nf6 5. Nc3 d6 6. Bg5 e6 7. Qd2 a6 8. Nxc6
bxc6 9. O-O-O Be7 10. Bxf6 gxf6 11. Bc4 Bb7 12. Rhe1 Qc7 13. Bb3 O-O-O 14. Qe2
Qa5 15. f4 d5 16. Qh5 Bb4 17. exd5 cxd5 18. Re2 Qc7 19. f5 Bxc3 20. bxc3 e5 21.
Kb2 Rd6 22. Red2 Kb8 23. Qf3 Rhd8 24. Qe3 a5 25. a4 h5 26. Qh6 Rc8 27. Qe3 Rb6
28. Ka2 Rd6 29. Kb2 Qd7 30. Qd3 Rc5 31. Qe3 Qc7 32. Rd3 Rb6 33. g3 Rc4 34. Ka2
d4 35. Qd2 Be4 36. cxd4 Bxd3 37. Qxd3 Rxd4 38. Qe2 Qd7 39. Rxd4 exd4 40. Qxh5 d3
41. cxd3 Qxd3 42. Qxf7 Rd6 43. Qf8+ Ka7 44. Qe7+ Kb6 45. g4 Qd2+ 46. Kb1 Rc6 47.
Qa3 Qxh2 48. Qf8 Qg1+ 49. Kb2 Qf2+ 50. Ka3 Qc5+ 51. Qxc5+ Kxc5 52. Be6 Kd4 53.
Kb3 Rc3+ 0-1

[Event "Sardinia World Open A"]
[Site "Orosei ITA"]
[Date "2025.05.03"]
[Round "9.17"]
[White "Favaloro, Andrea"]
[Black "Hercegovac, Neven"]
[Result "1-0"]
[WhiteTitle "IM"]
[BlackTitle "FM"]
[WhiteElo "2422"]
[BlackElo "2238"]
[WhiteFideId "885940"]
[BlackFideId "2839135"]
[EventDate "2025.04.27"]

1. Nf3 d5 2. e3 Nf6 3. c4 e6 4. Nc3 b6 5. cxd5 exd5 6. g3 Bd6 7. Bg2 O-O 8. O-O
Re8 9. Re1 Nbd7 10. d3 h6 11. b3 Bb7 12. Bb2 a6 13. Rc1 Rc8 14. d4 Qe7 15. Re2
Nf8 16. Rec2 Ne6 17. Ne2 Ng5 18. Nf4 Nge4 19. Ne5 c5 20. Ng4 Red8 21. Nxf6+ Nxf6
22. dxc5 Rxc5 23. Bd4 Rxc2 24. Rxc2 b5 25. Bxf6 Qxf6 26. Nxd5 Bxd5 27. Bxd5 Be5
28. Qf3 b4 29. Rc6 Qxf3 30. Bxf3 Rd6 31. Rc8+ Kh7 32. Be2 g6 33. Ra8 Kg7 34.
Bxa6 Rd7 35. Bc4 Bd6 36. Kg2 h5 37. f4 Bc5 38. Kf3 f5 39. Rc8 Ba7 40. Re8 Bc5
41. Re5 Bf8 42. Ra5 Rc7 43. Rd5 Ra7 44. Rd2 Bc5 45. h3 Re7 46. Re2 Kf6 47. Bd3
g5 48. fxg5+ Kxg5 49. h4+ Kf6 50. e4 Bd6 51. Rg2 fxe4+ 52. Bxe4 Rg7 53. Bd3 Ke5
54. Bc4 Bc7 55. Re2+ Kd4 56. Re4+ Kc3 57. g4 hxg4+ 58. Rxg4 Rh7 59. Bg8 Re7 60.
h5 Be5 61. Re4 Bf6 62. Rxe7 Bxe7 63. Ke4 Bf6 64. h6 Bh8 65. Bc4 Kd2 66. h7 Ba1
67. Kf5 Ke3 68. Kg6 Ke4 69. Kf7 Kf5 70. Kg8 1-0

[Event "Sardinia World Open A"]
[Site "Orosei ITA"]
[Date "2025.05.03"]
[Round "9.18"]
[White "Van der Lende, Ilias"]
[Black "Swara Lakshmi S Nair"]
[Result "1-0"]
[WhiteTitle "IM"]
[BlackTitle "WCM"]
[WhiteElo "2410"]
[BlackElo "2216"]
[WhiteFideId "1019260"]
[BlackFideId "25629239"]
[EventDate "2025.04.27"]

1. d4 Nf6 2. Nf3 g6 3. c4 Bg7 4. g3 c6 5. Bg2 d5 6. Qb3 dxc4 7. Qxc4 O-O 8. Nc3
Bf5 9. O-O Nbd7 10. Re1 Ne4 11. Be3 Nxc3 12. bxc3 Be4 13. Qb3 Qb6 14. Qa3 Rfe8
15. Bh3 Bxf3 16. Bxd7 Red8 17. Bh3 Bd5 18. Rab1 Qc7 19. Bf4 e5 20. dxe5 Bxe5 21.
Bxe5 Qxe5 22. e4 Bc4 23. Rxb7 Rd2 24. Qb4 Bxa2 25. Bg4 a5 26. Qa3 Qg5 27. Qc1
Rad8 28. Rd7 h6 29. h4 Qxg4 30. Rxd2 Rxd2 31. Qxd2 Be6 32. Qxh6 a4 33. Rb1 Bb3
34. Qe3 a3 35. Qc1 Bc4 36. Qf4 a2 37. Rb8+ Kh7 38. Qxg4 a1=Q+ 39. Kh2 Be6 40.
Qf3 Qf1 41. Qf6 Qh3+ 42. Kg1 Bc8 43. Qxf7+ Kh6 44. Qf8+ 1-0

[Event "Sardinia World Open A"]
[Site "Orosei ITA"]
[Date "2025.05.03"]
[Round "9.19"]
[White "Duraccio, Walter Mattia"]
[Black "Romanishin, Oleg M"]
[Result "0-1"]
[BlackTitle "GM"]
[WhiteElo "2020"]
[BlackElo "2291"]
[WhiteFideId "2865713"]
[BlackFideId "14100088"]
[EventDate "2025.04.27"]

1. c4 e5 2. g3 Nf6 3. Bg2 d5 4. cxd5 Nxd5 5. Nf3 Nc6 6. O-O Nb6 7. b3 g6 8. Nc3
Bg7 9. Ba3 a5 10. Bc5 Nd7 11. Be3 Nd4 12. d3 O-O 13. Rc1 Nb6 14. h4 c6 15. Qd2
Bg4 16. Nh2 Be6 17. f4 Nf5 18. Bf2 exf4 19. Qxf4 Bh6 20. Qe5 Nd7 21. Qe4 Nf6 22.
Qe5 Re8 23. Ne4 Nxe4 24. dxe4 Ne3 25. Qc3 Nxf1 26. Rxf1 Qd2 0-1

[Event "Sardinia World Open A"]
[Site "Orosei ITA"]
[Date "2025.05.03"]
[Round "9.20"]
[White "Fulgentini, Edoardo"]
[Black "Ypma, Peter"]
[Result "1/2-1/2"]
[BlackTitle "FM"]
[WhiteElo "2113"]
[BlackElo "2288"]
[WhiteFideId "28557050"]
[BlackFideId "1027255"]
[EventDate "2025.04.27"]

1. d4 g6 2. e4 Bg7 3. Nc3 d6 4. g3 Nd7 5. Bg2 e5 6. Nge2 f5 7. exf5 gxf5 8. dxe5
dxe5 9. Qd3 Nb6 10. Qxd8+ Kxd8 11. Bg5+ Bf6 12. O-O-O+ Nd7 13. Bxf6+ Nxf6 14. f4
Ng4 15. fxe5 Nxe5 16. Nd4 c6 17. Rhf1 Kc7 18. Rxf5 Ng4 19. Re1 Nxh2 20. Rf7 Ng4
21. Ree7 h5 22. Be4 Kb6 23. Rxd7 Bxd7 24. Rxd7 Nf6 25. Rf7 1/2-1/2

[Event "Sardinia World Open A"]
[Site "Orosei ITA"]
[Date "2025.05.03"]
[Round "9.21"]
[White "Perossa, Nicolas"]
[Black "Sarabando, Rodrigo Andias"]
[Result "1-0"]
[WhiteTitle "FM"]
[WhiteElo "2274"]
[BlackElo "2211"]
[WhiteFideId "2850520"]
[BlackFideId "1950010"]
[EventDate "2025.04.27"]

1. e4 c5 2. d4 cxd4 3. Qxd4 Nc6 4. Qd3 e6 5. Nc3 a6 6. Qg3 b5 7. Bd3 d6 8. Nf3
Nf6 9. O-O b4 10. Ne2 e5 11. h3 Be7 12. Nh4 Nh5 13. Qf3 g6 14. Nf5 Bxf5 15. exf5
d5 16. Rd1 Qa5 17. Bh6 e4 18. Bxe4 dxe4 19. Qxe4 Rc8 20. Nd4 Qc5 21. Nxc6 Qxc6
22. Qd4 Nf6 23. Re1 gxf5 24. Bg7 Rg8 25. Qxf6 Qxf6 26. Bxf6 Rc7 27. Rad1 Rg6 28.
Rd6 Ra7 29. Bxe7 Rxe7 30. Rxe7+ Kxe7 31. Rxg6 fxg6 32. Kf1 Kd6 33. Ke2 Kd5 34.
Kd3 Kc5 35. c3 a5 36. f4 h5 37. h4 Kd5 38. cxb4 axb4 39. a3 bxa3 40. bxa3 Kc5
41. g3 Kd5 42. a4 Kc5 43. a5 Kb5 1-0

[Event "Sardinia World Open A"]
[Site "Orosei ITA"]
[Date "2025.05.03"]
[Round "9.22"]
[White "Brunello, Marina"]
[Black "Akshat Sureka"]
[Result "1-0"]
[WhiteTitle "IM"]
[WhiteElo "2325"]
[BlackElo "2009"]
[WhiteFideId "822590"]
[BlackFideId "25774492"]
[EventDate "2025.04.27"]

1. e4 c5 2. Nf3 d6 3. d4 cxd4 4. Nxd4 Nf6 5. Nc3 g6 6. Be3 Bg7 7. f3 O-O 8. Qd2
Nc6 9. O-O-O d5 10. exd5 Nxd5 11. Nxc6 bxc6 12. Bd4 e5 13. Bc5 Re8 14. Ne4 Qc7
15. Bd6 Qb6 16. c4 Nf4 17. c5 Qb7 18. Bc4 Be6 19. Bxe6 Nxe6 20. g4 f5 21. gxf5
gxf5 22. Nc3 Nd4 23. Qf2 Kh8 24. Rhg1 Nb5 25. Nxb5 cxb5 26. Qe3 Qf7 27. Kb1 Qf6
28. Rg2 e4 29. f4 Rad8 30. Rd5 Re6 31. Rgd2 Qg6 32. c6 Rc8 33. c7 Ree8 34. Rxb5
Bf8 35. Bxf8 Rxf8 36. Qxa7 e3 37. Qxe3 Rxc7 38. Qd4+ Kg8 39. Rd1 Rg7 40. a4 Rc8
41. Rd5 h5 42. Rd3 Qg2 43. Rxf5 Qc2+ 44. Ka2 Rg6 45. Rxh5 1-0

[Event "Sardinia World Open A"]
[Site "Orosei ITA"]
[Date "2025.05.03"]
[Round "9.23"]
[White "Dalaud, Dorian"]
[Black "Panjer, Sidney"]
[Result "1-0"]
[WhiteTitle "FM"]
[WhiteElo "2303"]
[BlackElo "2172"]
[WhiteFideId "36093270"]
[BlackFideId "16207041"]
[EventDate "2025.04.27"]

1. e4 c5 2. Nf3 Nc6 3. Bb5 g6 4. O-O Bg7 5. Bxc6 dxc6 6. d3 Qc7 7. Qe2 Nf6 8. e5
Nd5 9. c4 Nb6 10. Bf4 Bg4 11. Nbd2 O-O-O 12. a4 Nd7 13. Qe3 Qa5 14. Ng5 Rdf8 15.
Nge4 Qb4 16. a5 h6 17. b3 g5 18. Bg3 b5 19. axb6 Qxb6 20. Ra4 f5 21. exf6 exf6
22. Nd6+ Kd8 23. Re1 Ne5 24. Rea1 1-0

[Event "Sardinia World Open A"]
[Site "Orosei ITA"]
[Date "2025.05.03"]
[Round "9.24"]
[White "Beliman, Alexandro"]
[Black "Haver, Bas"]
[Result "0-1"]
[BlackTitle "FM"]
[WhiteElo "2152"]
[BlackElo "2281"]
[WhiteFideId "28512413"]
[BlackFideId "1039849"]
[EventDate "2025.04.27"]

1. e4 c5 2. Nf3 Nc6 3. d4 cxd4 4. Nxd4 Nf6 5. Nc3 e5 6. Nde2 Bc5 7. Ng3 d6 8.
Na4 Bb4+ 9. c3 Ba5 10. b4 Bc7 11. Be2 a6 12. O-O O-O 13. a3 Be6 14. Be3 b5 15.
Nb2 Bb6 16. Qd2 d5 17. Bxb6 Qxb6 18. exd5 Nxd5 19. c4 Nf4 20. c5 Qc7 21. Nd1 Nd4
22. Bf3 Nxf3+ 23. gxf3 Rad8 24. Qc2 Bd5 25. Ne4 f5 26. Nd2 Qc6 27. Ne3 Bxf3 28.
Rfe1 Qg6+ 0-1

[Event "Sardinia World Open A"]
[Site "Orosei ITA"]
[Date "2025.05.03"]
[Round "9.25"]
[White "Advaitt Srikant Koduri"]
[Black "Blom, Vincent"]
[Result "1-0"]
[BlackTitle "FM"]
[WhiteElo "2017"]
[BlackElo "2274"]
[WhiteFideId "25185454"]
[BlackFideId "1014358"]
[EventDate "2025.04.27"]

1. d4 Nf6 2. Nf3 b6 3. Bf4 Bb7 4. e3 Nh5 5. Bg5 h6 6. Bh4 g5 7. Bg3 Nxg3 8. hxg3
Bg7 9. c4 e6 10. Nc3 Qe7 11. Qc2 d6 12. O-O-O Nd7 13. Kb1 O-O-O 14. Ka1 Rhf8 15.
Be2 f5 16. Qa4 Kb8 17. Nb5 a6 18. Nc3 c5 19. Qb3 Kc7 20. Na4 Rb8 21. dxc5 bxc5
22. Qc2 Bc6 23. Nc3 Nb6 24. Rd2 g4 25. Ne1 Qf6 26. f3 h5 27. Rxh5 Qf7 28. Rh1
Rb7 29. Qd3 Rd8 30. fxg4 Be4 31. Nxe4 fxe4 32. Qxe4 Na4 33. Nd3 Rdb8 34. Rh7
Nxb2 35. Ne5 Nd3 36. Qc6+ Kd8 37. Qxd6+ Ke8 38. Qc6+ Kf8 39. Qd6+ Kg8 40. Rxg7+
Qxg7 41. Qxe6+ Kh8 42. Bxd3 Re7 43. Qxe7 1-0

[Event "Sardinia World Open A"]
[Site "Orosei ITA"]
[Date "2025.05.03"]
[Round "9.26"]
[White "Kienboeck, Benjamin"]
[Black "Gagliardi, Cristian"]
[Result "0-1"]
[WhiteTitle "FM"]
[WhiteElo "2240"]
[BlackElo "2165"]
[WhiteFideId "1649353"]
[BlackFideId "810665"]
[EventDate "2025.04.27"]

1. e4 g6 2. d4 Bg7 3. c4 c5 4. d5 d6 5. Nc3 Nf6 6. h3 O-O 7. Be3 e6 8. Nf3 e5 9.
Bd3 h6 10. Qd2 Kh7 11. g4 Nbd7 12. O-O-O a6 13. Rdg1 b5 14. h4 Nb6 15. g5 Nh5
16. gxh6 Bf6 17. Ng5+ Kh8 18. cxb5 axb5 19. Bxb5 Ba6 20. Bxa6 Rxa6 21. Qe2 Ra8
22. Qg4 Qe7 23. Qe2 Nf4 24. Qc2 Rfb8 25. a3 Nc4 26. Nd1 Na5 27. Kd2 Nb3+ 28. Ke1
Nd4 29. Bxd4 exd4 30. f3 c4 31. Qxc4 Rc8 32. Qb3 Rab8 33. Qa4 Nd3+ 34. Kd2 Nxb2
35. Qa6 Bxg5+ 36. hxg5 Qc7 37. Qe2 Qa5+ 0-1

[Event "Sardinia World Open A"]
[Site "Orosei ITA"]
[Date "2025.05.03"]
[Round "9.27"]
[White "Maldonado Gonzales, Stefano"]
[Black "Federer, Colin"]
[Result "1-0"]
[WhiteElo "2228"]
[BlackElo "2103"]
[WhiteFideId "28540778"]
[BlackFideId "1345117"]
[EventDate "2025.04.27"]

1. e4 c5 2. Nf3 d6 3. d4 cxd4 4. Nxd4 Nf6 5. Nc3 a6 6. Qd3 Nbd7 7. Be2 e6 8. a4
b6 9. Qg3 Bb7 10. O-O Be7 11. Qxg7 Rg8 12. Qh6 Nxe4 13. Bf3 Ndf6 14. Nxe4 Nxe4
15. Re1 d5 16. Qxh7 Rg6 17. Bh5 Rf6 18. Nxe6 Qd6 19. Ng7+ Kd7 20. Bg4+ Kc7 21.
Nf5 Qd7 22. Bf4+ Bd6 23. Bxd6+ Rxd6 24. Nxd6 Qxd6 25. Qxf7+ Kb8 26. Bf3 Ka7 27.
Bxe4 Rf8 28. Qg6 1-0

[Event "Sardinia World Open A"]
[Site "Orosei ITA"]
[Date "2025.05.03"]
[Round "9.28"]
[White "Destic, Elena"]
[Black "Gut, Lionel"]
[Result "0-1"]
[WhiteElo "1939"]
[BlackElo "2177"]
[WhiteFideId "36001988"]
[BlackFideId "1339966"]
[EventDate "2025.04.27"]

1. e4 c5 2. Nf3 d6 3. c3 Nf6 4. h3 Nc6 5. Bd3 g5 6. Bc2 g4 7. hxg4 Bxg4 8. d4 d5
9. exd5 Nxd5 10. c4 Ndb4 11. d5 Bxf3 12. gxf3 Nd4 13. Ba4+ b5 14. a3 bxa4 15.
axb4 Bg7 16. bxc5 Qa5+ 17. Bd2 Qxc5 18. Nc3 Qxc4 19. Qxa4+ Qxa4 20. Rxa4 Nxf3+
21. Kd1 Nxd2 22. Kxd2 Rb8 23. Kc2 Rb7 24. Rg1 Bf6 25. Rga1 Rg8 26. Rxa7 Rxa7 27.
Rxa7 Rg2 28. Ne4 Bd4 29. Ra4 Bxf2 30. Nxf2 Rxf2+ 31. Kc3 Kd7 32. Rh4 Kd6 33. Rh5
Rf3+ 34. Kc4 Rf4+ 35. Kc3 h6 36. b4 f5 37. Rxh6+ Kxd5 38. b5 Rc4+ 39. Kb3 Rc8
40. Kb4 f4 41. Rh7 e5 42. Rf7 Ke6 43. Rh7 f3 44. b6 e4 45. Rh1 Ke5 46. b7 Rb8
47. Rh7 f2 48. Re7+ 0-1

[Event "Sardinia World Open A"]
[Site "Orosei ITA"]
[Date "2025.05.03"]
[Round "9.29"]
[White "Sitbon, Itay"]
[Black "Deboushnik De"]
[Result "1-0"]
[WhiteElo "2177"]
[BlackElo "2038"]
[WhiteFideId "2820706"]
[BlackFideId "25768778"]
[EventDate "2025.04.27"]

1. d4 d5 2. Nc3 Nf6 3. Bf4 c5 4. e4 Nxe4 5. Nxe4 dxe4 6. dxc5 Qxd1+ 7. Rxd1 Nc6
8. f3 e5 9. Be3 exf3 10. Nxf3 f6 11. Bc4 Bd7 12. Bf7+ Ke7 13. Bd5 Rb8 14. a3 a5
15. O-O Be6 16. c4 g6 17. Nd2 f5 18. g3 h6 19. Kg2 g5 20. b3 Bg7 21. Nb1 Bd7 22.
Nc3 e4 23. Nxe4 Be5 24. Nd2 Bb2 25. Rde1 Kd8 26. Nb1 Kc7 27. Bd2 Nd4 28. Bxa5+
Kc8 29. b4 Rf8 30. Rf2 Ba1 31. Nd2 Bc3 32. Ne4 1-0

[Event "Sardinia World Open A"]
[Site "Orosei ITA"]
[Date "2025.05.03"]
[Round "9.30"]
[White "Maisuradze, Nino"]
[Black "Ciobanu, Camelia-Adriana"]
[Result "1/2-1/2"]
[WhiteTitle "WGM"]
[BlackTitle "WIM"]
[WhiteElo "2189"]
[BlackElo "2115"]
[WhiteFideId "13601717"]
[BlackFideId "1209477"]
[EventDate "2025.04.27"]

1. d4 Nf6 2. c4 c5 3. d5 b5 4. cxb5 a6 5. bxa6 g6 6. Nc3 Bxa6 7. Nf3 Bg7 8. e4
Bxf1 9. Kxf1 d6 10. g3 O-O 11. Kg2 Nbd7 12. Re1 Ng4 13. Qe2 Qa5 14. Nd2 Bxc3 15.
bxc3 Qxc3 16. Rb1 Ngf6 17. Bb2 Qc2 1/2-1/2

[Event "Sardinia World Open A"]
[Site "Orosei ITA"]
[Date "2025.05.03"]
[Round "9.31"]
[White "Balinski, Damian"]
[Black "Nortier, Julien"]
[Result "0-1"]
[WhiteElo "2183"]
[BlackElo "2083"]
[WhiteFideId "1120913"]
[BlackFideId "36084140"]
[EventDate "2025.04.27"]

1. f4 d5 2. Nf3 Nf6 3. g3 g6 4. Bg2 Bg7 5. O-O c5 6. d3 Nc6 7. c3 O-O 8. Qe1 b6
9. h3 Re8 10. g4 e5 11. Nxe5 Nxe5 12. fxe5 Rxe5 13. Qh4 Re6 14. Bg5 Bb7 15. c4
h6 16. Bxh6 Bxh6 17. Qxh6 Rxe2 18. Nc3 Rxg2+ 19. Kxg2 d4+ 20. Ne4 Nxe4 21. dxe4
Bxe4+ 22. Kg1 Bd3 23. Rf4 Qe7 24. b3 Qe3+ 25. Kh2 Re8 26. Qg5 Re6 27. Rg1 f6 28.
Qh6 g5 29. Rff1 Qe5+ 30. Kg2 Be4+ 31. Kf2 Qh2+ 32. Ke1 Bc2# 0-1

[Event "Sardinia World Open A"]
[Site "Orosei ITA"]
[Date "2025.05.03"]
[Round "9.32"]
[White "Gut, Raphael"]
[Black "Felix, Raphael"]
[Result "1-0"]
[BlackTitle "CM"]
[WhiteElo "2150"]
[BlackElo "2038"]
[WhiteFideId "1339974"]
[BlackFideId "14339544"]
[EventDate "2025.04.27"]

1. d4 d5 2. c4 e6 3. Nc3 Nf6 4. cxd5 exd5 5. Bg5 c6 6. e3 Bd6 7. Bd3 O-O 8. Qc2
h6 9. Bh4 Re8 10. Nf3 Be6 11. Ne5 c5 12. O-O-O cxd4 13. exd4 Nc6 14. Nxc6 bxc6
15. Kb1 Be7 16. Rhe1 Rc8 17. f4 Bg4 18. Rc1 c5 19. dxc5 Rxc5 20. Qa4 Bd7 21.
Qxa7 Rc7 22. Qd4 Qb8 23. Rxe7 Rxe7 24. Bxf6 gxf6 25. Nxd5 Rxc1+ 26. Kxc1 Qc8+
27. Kd2 Re6 28. Nxf6+ Rxf6 29. Qxf6 Qb7 30. g3 Be6 31. Qd8+ Kg7 32. Qd4+ Kg8 33.
Be4 Qe7 34. f5 Qg5+ 35. Qe3 Qd8+ 36. Qd3 Qa5+ 37. Qc3 Qd8+ 38. Ke1 Bxa2 39. Kf2
Qb6+ 40. Kg2 Qa6 41. Qd2 Bc4 42. Qd8+ Kg7 43. Qd4+ f6 44. Bf3 Bf1+ 45. Kg1 Bh3
46. Qd7+ Kf8 47. Qd8+ Kg7 48. Qc7+ Kf8 49. Qb8+ Ke7 50. Qb4+ Ke8 51. Qe4+ Kf8
52. Qa8+ Qxa8 53. Bxa8 Bxf5 54. b4 Bd7 55. Kf2 Ke7 56. Ke3 Kd6 57. Kd4 Be8 58.
Bf3 Bb5 59. Be4 Bd7 60. Bd3 f5 61. b5 h5 62. h4 Be8 63. b6 Kc6 64. Bb5+ Kxb6 65.
Bxe8 1-0